zpět

Detail výsledku týmu

U Jelena, Liberec

Datum a čas kvízu

34 Celkem bodů Celkový počet nahraných bodů na tomto kvízu bez doplňovacích otázek.
5. Pořadí na kvízu Konečné umístění týmu na tomto kvízu.

Zaznamenané odpovědi

# Otázka Odpověď Body Výsledky
1. Na prvního Máje se konal jubil... za porušení nočního klidu 1
2. Slovenský premiér Robert Fico... B) závozník v pekárně 1
3. Která fiktivní česká loutková... Hurvínek 1
4. Americký prezident Donald Trum... (skotskou) whisky 1
5. Jannik Sinner v neděli přepsal... A 0
6. Ve filmu Sedm sledujeme detekt... závist (J. Doe), hněv (detektiv Mills) 0.5
7. Tato fotka je známým interneto... Americké psycho 1
8. Karel Kopfrkingl, zaměstnanec... (tibetský) buddhismus 0
9. Přiřaďte zločince k jejich fil... 1B 2D 3C 4A 1
10. Mladý syn se poprvé přímo zapo... Kmotr, Mario Puzo 0.5